Una nueva sociedad, mujeres y hombres a partes iguales (Record no. 66859)

MARC details
000 -LEADER
campo de control de longitud fija 01225nam a2200301 i 4500
001 - NÚMERO DE CONTROL
campo de control 66859
003 - IDENTIFICADOR DE NÚMERO DE CONTROL
campo de control ES-MaACL
005 - FECHA Y HORA DE LA ÚLTIMA TRANSACCIÓN
campo de control 20250826073321.0
007 - CAMPO FIJO DE DESCRIPCIÓN FÍSICA--INFORMACIÓN GENERAL
campo de control de longitud fija t|
008 - DATOS DE LONGITUD FIJA--INFORMACIÓN GENERAL
campo de control de longitud fija 030723s2003 sp ||||0| spa d
020 ## - NÚMERO INTERNACIONAL ESTÁNDAR DEL LIBRO
Número Internacional Estándar del Libro 84-451-2448-X
080 ## - NÚMERO DE LA CLASIFICACIÓN DECIMAL UNIVERSAL
Número de la Clasificación Decimal Universal 331:392.3
080 ## - NÚMERO DE LA CLASIFICACIÓN DECIMAL UNIVERSAL
Número de la Clasificación Decimal Universal 331.58-055.2
080 ## - NÚMERO DE LA CLASIFICACIÓN DECIMAL UNIVERSAL
Número de la Clasificación Decimal Universal 316.663:316.346.2
245 04 - MENCIÓN DEL TÍTULO
Título Una nueva sociedad, mujeres y hombres a partes iguales
Resto del título : curso organizado por la Dirección General de la Mujer en la Universidad Complutense de El Escorial (29 julio-2 de agosto de 2002) /
Mención de responsabilidad, etc. Costanza Tobío, directora del curso.
260 ## - PUBLICACIÓN, DISTRIBUCIÓN, ETC.
Lugar de publicación, distribución, etc. Madrid :
Nombre del editor, distribuidor, etc. Comunidad de Madrid, Dirección General de la Mujer,
Fecha de publicación, distribución, etc. [2003]
300 ## - DESCRIPCIÓN FÍSICA
Extensión 300 p. ;
Dimensiones 22 cm.
490 1# - MENCIÓN DE SERIE
Mención de serie Publicaciones / Dirección General de la Mujer ;
Designación de volumen o secuencia 29
650 #7 - PUNTO DE ACCESO ADICIONAL DE MATERIA--TÉRMINO DE MATERIA
Término de materia o nombre geográfico como elemento de entrada Trabajo y familia
Fuente del encabezamiento o término embne
9 (RLIN) 17604
650 14 - PUNTO DE ACCESO ADICIONAL DE MATERIA--TÉRMINO DE MATERIA
Término de materia o nombre geográfico como elemento de entrada Mujeres-
Subdivisión general Igualdad de oportunidades.
9 (RLIN) 15291
650 #4 - PUNTO DE ACCESO ADICIONAL DE MATERIA--TÉRMINO DE MATERIA
Término de materia o nombre geográfico como elemento de entrada Rol sexual.
9 (RLIN) 16927
700 1# - ENTRADA AGREGADA--NOMBRE PERSONAL
Nombre de persona Tobío Soler, Constanza.
9 (RLIN) 110382
710 2# - ENTRADA AGREGADA--NOMBRE DE ENTIDAD CORPORATIVA
Nombre de entidad corporativa o nombre de jurisdicción como elemento de entrada Universidad Complutense de Madrid.
9 (RLIN) 7098
710 1# - ENTRADA AGREGADA--NOMBRE DE ENTIDAD CORPORATIVA
Nombre de entidad corporativa o nombre de jurisdicción como elemento de entrada Madrid (Comunidad Autónoma).
Unidad subordinada Dirección General de la Mujer.
9 (RLIN) 5615
830 10 - PUNTO DE ACCESO ADICIONAL DE SERIE-TÍTULO UNIFORME
Título uniforme DGM, Dirección General de la Mujer
Designación de volumen o secuencia 29
9 (RLIN) 228545
852 ## - LOCALIZACIÓN
Ubicación ES-MaACL
Número de control de estantería L-27332
Holdings
Estatus retirado Estado de pérdida Estado de daño No para préstamo Biblioteca de origen Biblioteca actual Ubicación en estantería Fecha de adquisición Fuente de adquisición Total de préstamos Signatura topográfica completa Código de barras Visto por última vez Precio de reemplazo Tipo de ítem Koha
        Biblioteca del Ateneo de Madrid Biblioteca del Ateneo de Madrid Depósito 2 17/01/2008     L-27332 1070028 23/02/2023 23/02/2023 Libro impreso